Understanding business / (Record no. 14746)
[ view plain ]
| 000 -LEADER | |
|---|---|
| fixed length control field | 01031cam a22003015a 4500 |
| 008 - FIXED-LENGTH DATA ELEMENTS--GENERAL INFORMATION | |
| fixed length control field | 090401s2010 maua frbd 001 0 eng d |
| 010 ## - LIBRARY OF CONGRESS CONTROL NUMBER | |
| LC control number | 2006025567 |
| 020 ## - INTERNATIONAL STANDARD BOOK NUMBER | |
| International Standard Book Number | 0071314105 |
| 020 ## - INTERNATIONAL STANDARD BOOK NUMBER | |
| International Standard Book Number | 9780071314107 |
| 040 ## - CATALOGING SOURCE | |
| Original cataloging agency | EG-ScBUE |
| Language of cataloging | eng |
| Transcribing agency | EG-ScBUE |
| 082 04 - DEWEY DECIMAL CLASSIFICATION NUMBER | |
| Classification number | 650 |
| Item number | NIC |
| Edition number | 22 |
| 100 1# - MAIN ENTRY--PERSONAL NAME | |
| Personal name | Nickels, William G. |
| 9 (RLIN) | 3021 |
| 245 10 - TITLE STATEMENT | |
| Title | Understanding business / |
| Statement of responsibility, etc | William G. Nickels, James M. McHugh and Susan M. McHugh |
| 250 ## - EDITION STATEMENT | |
| Edition statement | 9th ed., McGraw international ed. |
| 260 ## - PUBLICATION, DISTRIBUTION, ETC. (IMPRINT) | |
| Place of publication, distribution, etc | Boston : |
| Name of publisher, distributor, etc | McGraw-Hill Irwin, |
| Date of publication, distribution, etc | 2010. |
| 300 ## - PHYSICAL DESCRIPTION | |
| Extent | xix, 569 p. : |
| Other physical details | ill. ; |
| Dimensions | 27 cm. |
| 500 ## - GENERAL NOTE | |
| General note | Glossary. |
| 504 ## - BIBLIOGRAPHY, ETC. NOTE | |
| Bibliography, etc | Includes bibliographical references and index. |
| 590 ## - LOCAL NOTE (RLIN) | |
| Local note | Menna Elemam |
| 650 #7 - SUBJECT ADDED ENTRY--TOPICAL TERM | |
| Topical term or geographic name as entry element | Industrial management. |
| 9 (RLIN) | 1569 |
| Source of heading or term | BUEsh |
| 650 #7 - SUBJECT ADDED ENTRY--TOPICAL TERM | |
| Topical term or geographic name as entry element | Business. |
| 9 (RLIN) | 19142 |
| Source of heading or term | BUEsh |
| 650 #7 - SUBJECT ADDED ENTRY--TOPICAL TERM | |
| Topical term or geographic name as entry element | Business |
| General subdivision | Vocational guidance. |
| 9 (RLIN) | 3024 |
| Source of heading or term | BUEsh |
| 651 ## - SUBJECT ADDED ENTRY--GEOGRAPHIC NAME | |
| Source of heading or term | BUEsh |
| 653 ## - INDEX TERM--UNCONTROLLED | |
| Resource For college | BAEPS, Business Administration |
| Arrived date list | August2015 |
| -- | November2017 |
| -- | December2017 |
| 700 1# - ADDED ENTRY--PERSONAL NAME | |
| Personal name | McHugh, James M. |
| 9 (RLIN) | 3025 |
| 700 1# - ADDED ENTRY--PERSONAL NAME | |
| Personal name | McHugh, Susan M. |
| 9 (RLIN) | 3026 |
| 942 ## - ADDED ENTRY ELEMENTS (KOHA) | |
| Item type | Book - Borrowing |
| Call number prefix | 650 NIC |
| Source of classification or shelving scheme | Dewey Decimal Classification |
| Withdrawn status | Item status | Source of classification or shelving scheme | Damaged status | Not for loan | Vendor | Home library | Current library | Shelving location | Date acquired | Source of acquisition | Total Checkouts | Full call number | Barcode | Date last seen | Date last borrowed | Koha item type | Total Renewals |
|---|---|---|---|---|---|---|---|---|---|---|---|---|---|---|---|---|---|
| Dewey Decimal Classification | Baccah | Central Library | Central Library | First floor | 30/09/2010 | 2 | 650 NIC | 000022317 | 15/07/2025 | 26/10/2013 | NB - Book (Non borrowing) | ||||||
| Dewey Decimal Classification | Baccah | Central Library | Central Library | First floor | 30/09/2010 | 10 | 650 NIS | 000029202 | 15/07/2025 | 09/01/2018 | Book - Borrowing | 37 | |||||
| Dewey Decimal Classification | Baccah | Central Library | Central Library | First floor | 30/09/2010 | 17 | 650 NIC | 000022323 | 15/07/2025 | 03/12/2017 | Book - Borrowing | 33 | |||||
| Lost and Paid For | Dewey Decimal Classification | Baccah | Central Library | Central Library | First floor | 30/09/2010 | 13 | 650 NIC | 000022322 | 20/02/2018 | 10/10/2016 | Book - Borrowing | 26 | ||||
| Dewey Decimal Classification | Baccah | Central Library | Central Library | First floor | 13/11/2011 | 13 | 650 NIC | 000025619 | 15/07/2025 | 19/12/2018 | Book - Borrowing | 49 | |||||
| Dewey Decimal Classification | Baccah | Central Library | Central Library | First floor | 13/11/2011 | 12 | 650 NIC | 000025620 | 15/07/2025 | 11/12/2018 | Book - Borrowing | 67 | |||||
| Dewey Decimal Classification | Baccah | Central Library | Central Library | First floor | 13/11/2011 | 3 | 650 NIC | 000025621 | 15/07/2025 | 15/01/2020 | Book - Borrowing | 1 | |||||
| Dewey Decimal Classification | Baccah | Central Library | Central Library | First floor | 13/11/2011 | 21 | 650 NIC | 000025622 | 15/07/2025 | 09/01/2018 | Book - Borrowing | 31 | |||||
| Dewey Decimal Classification | Central Library | Central Library | First floor | 29/11/2017 | 1 | 650 NIC | 000042594 | 15/07/2025 | 13/01/2018 | Book - Borrowing | |||||||
| Dewey Decimal Classification | Central Library | Central Library | First floor | 21/12/2017 | 3 | 650 NIC | 000046965 | 15/07/2025 | 18/12/2018 | Book - Borrowing | 7 |